10 größte Fußball Stadien in Sachsen - Statistiken

Allgemein
  • Dieses Quiz wurde 39 mal gespielt
  • Das Durchschnittsergebnis liegt bei 5 aus 10
Antwortstatistiken
Kapazität Verein Stadion % Korrekt
47.800 RB Leipzig Red Bull Arena
94%
32.249 Dynamo Dresden Rudolf-Harbig-Stadion
83%
16.485 FC Erzgebirge Aue Erzgebirgsstadion
81%
12.321 1. FC Lokomotive Leipzig Bruno-Plache-Stadion
64%
5000 VFC Plauen Vogtlandstadion
42%
16.134 FSV Zwickau GGZ-Arena
36%
15.000 Chemnitzer FC Stadion an der Gellertstraße
33%
10.400 Dresdner SC Heinz-Steyer-Stadion
28%
6000 Hoyerswerdaer FC Friedrich-Ludwig-Jahn-Stadion
17%
5000 FSV Budissa Bautzen Stadion Müllerswiese
3%
Keine übereinstimmenden Quizze gefunden
Verteilung der Resultate
Anzahl Personen mit jedem Resultat
Perzentil nach korrekt beantworteten Fragen
Ihre Resultats-Entwicklung
Sie haben dieses Quiz noch nicht gespielt